ბათუმის შოთა რუსთაველის სახელმწიფო უნივერსიტეტის ბიბლიოთეკა

Биологическая химия (ბიბ.ჩანაწერი № 35083)

000 -LEADER
fixed length control field 00814nam a2200277Ia 4500
001 - CONTROL NUMBER
control field 924
003 - CONTROL NUMBER IDENTIFIER
control field GE_BSU
008 - FIXED-LENGTH DATA ELEMENTS--GENERAL INFORMATION
fixed length control field 181216s||||||||xx |||||||||||||| ||und||
020 ## - INTERNATIONAL STANDARD BOOK NUMBER
International Standard Book Number 5060037207
040 ## - CATALOGING SOURCE
Transcribing agency GE_BSU
080 ## - UNIVERSAL DECIMAL CLASSIFICATION NUMBER
Universal Decimal Classification number 557.1(075.8)
100 ## - MAIN ENTRY--PERSONAL NAME
Personal name Кнорре,Д.Г.;Мызина,С.Д.
245 ## - TITLE STATEMENT
Title Биологическая химия
245 ## - TITLE STATEMENT
Remainder of title Уч-к для студ.химических и биологических спец.
250 ## - EDITION STATEMENT
Edition statement 3-е изд,испр.
260 ## - PUBLICATION, DISTRIBUTION, ETC.
Place of publication, distribution, etc. Москва
260 ## - PUBLICATION, DISTRIBUTION, ETC.
Name of publisher, distributor, etc. Высшая школа
260 ## - PUBLICATION, DISTRIBUTION, ETC.
Date of publication, distribution, etc. 2003
300 ## - PHYSICAL DESCRIPTION
Extent 479стр.
653 ## - INDEX TERM--UNCONTROLLED
Uncontrolled term Биологическая химия
653 ## - INDEX TERM--UNCONTROLLED
Uncontrolled term Химия
653 ## - INDEX TERM--UNCONTROLLED
Uncontrolled term ბიოლოგია
653 ## - INDEX TERM--UNCONTROLLED
Uncontrolled term ბიოლოგიური ქიმია
942 ## - ADDED ENTRY ELEMENTS (KOHA)
Koha item type წიგნი
ეგზემპლარები
Withdrawn status Lost status Damaged status Not for loan Date acquired Barcode Date last seen Price effective from Koha item type Public note
        2018-12-17 2426 2018-12-17 2018-12-17 წიგნი დარბაზი